| 000 | 01225nam a2200301 a 4500 | ||
|---|---|---|---|
| 001 | ebr10442987 | ||
| 003 | CaPaEBR | ||
| 006 | m u | ||
| 007 | cr cn||||||||| | ||
| 008 | 110223s2010 enka s 001 0 eng d | ||
| 020 | _z9781849511261 | ||
| 020 | _z9781849511278 (e-book) | ||
| 040 |
_aCaPaEBR _cCaPaEBR |
||
| 035 | _a(OCoLC)708564781 | ||
| 050 | 1 | 4 |
_aQA76.73.P98 _bP45 2010eb |
| 100 | 1 | _aPhillips, Dusty. | |
| 245 | 1 | 0 |
_aPython 3 object oriented programming _h[electronic resource] : _bharness the power of Python 3 objects / _cDusty Phillips. |
| 260 |
_aBirmingham, U.K. : _bPackt Open Source, _c2010. |
||
| 300 |
_av, 388 p. : _bill. |
||
| 500 | _aIncludes index. | ||
| 533 |
_aElectronic reproduction. _bPalo Alto, Calif. : _cebrary, _d2011. _nAvailable via World Wide Web. _nAccess may be limited to ebrary affiliated libraries. |
||
| 650 | 0 | _aPython (Computer program language) | |
| 650 | 0 | _aObject-oriented programming (Computer science) | |
| 650 | 0 | _aObject-oriented programming languages. | |
| 655 | 7 |
_aElectronic books. _2local |
|
| 710 | 2 | _aebrary, Inc. | |
| 856 | 4 | 0 |
_uhttp://site.ebrary.com/lib/rucke/Doc?id=10442987 _zAn electronic book accessible through the World Wide Web; click to view |
| 999 |
_c135594 _d135594 |
||